<?xml version="1.0" encoding="UTF-8"?>
<collection xmlns:xsi="http://www.w3.org/2001/XMLSchema-instance" xsi:schemaLocation="http://www.loc.gov/MARC21/slim http://www.loc.gov/standards/marcxml/schema/MARC21slim.xsd" xmlns="http://www.loc.gov/MARC21/slim">
 <record>
  <leader>00000ctm a22000003a 4500</leader>
  <controlfield tag="001">UP-99796217611273601</controlfield>
  <controlfield tag="003">Buklod</controlfield>
  <controlfield tag="005">20230214005617.0</controlfield>
  <controlfield tag="006">m     o  j        </controlfield>
  <controlfield tag="007">ta</controlfield>
  <controlfield tag="008">140519s        xx     d     r    |||| u|</controlfield>
  <datafield tag="035" ind1=" " ind2=" ">
   <subfield code="a">(iLib)UPD-00217904870</subfield>
  </datafield>
  <datafield tag="040" ind1=" " ind2=" ">
   <subfield code="a">DLS</subfield>
  </datafield>
  <datafield tag="041" ind1=" " ind2=" ">
   <subfield code="a">eng</subfield>
  </datafield>
  <datafield tag="090" ind1=" " ind2=" ">
   <subfield code="a">LG 993.5 2014 L4</subfield>
   <subfield code="b">C47</subfield>
  </datafield>
  <datafield tag="100" ind1="0" ind2=" ">
   <subfield code="a">Cerdeno, Chris Gianni C.</subfield>
   <subfield code="e">author.</subfield>
  </datafield>
  <datafield tag="245" ind1="0" ind2="2">
   <subfield code="a">An explorative study on I.T. and systems librarianship focusing on competencies, tasks, and responsibilities in the library setting</subfield>
   <subfield code="c">Chris Gianni C. Cerdeno ; Dan Anthony D. Dorado, adviser.</subfield>
  </datafield>
  <datafield tag="264" ind1=" " ind2="1">
   <subfield code="a">Quezon City : School of Library and Information Studies, University of the Philippines Diliman</subfield>
   <subfield code="c">2014.</subfield>
  </datafield>
  <datafield tag="300" ind1=" " ind2=" ">
   <subfield code="a">x, 51 leaves</subfield>
   <subfield code="c">illustraions</subfield>
  </datafield>
  <datafield tag="500" ind1=" " ind2=" ">
   <subfield code="a">Vita.</subfield>
  </datafield>
  <datafield tag="502" ind1=" " ind2=" ">
   <subfield code="a">Thesis (Bachelor of Library and Information Science)--University of the Philippines Diliman</subfield>
   <subfield code="d">April 2014.</subfield>
  </datafield>
  <datafield tag="520" ind1="3" ind2=" ">
   <subfield code="a">Since libraries are increasingly becoming more and more dependent on information systems and technologies in terms of their collection and services, a closer analysis on the position which caters to these aspects of library life have to be developed to incorporate IT and systems librarianship and pave the way for its establishment. In line with this, this study focused on the perceptions various experts and practitioners in the field regarding the profession.</subfield>
  </datafield>
  <datafield tag="520" ind1="3" ind2=" ">
   <subfield code="a">Libraries were contacted to determine if there was/were a person/s fitting the description of an IT and systems librarian. They, and if applicable, their administrators, were the respondents of the survey and were asked questions regarding the various aspects of IT and systems librarianship according to their practical experience and/or expertise.</subfield>
  </datafield>
  <datafield tag="520" ind1="3" ind2=" ">
   <subfield code="a">Among those examined were its origins and evolution, its role in the library, its tasks performed and responsibilities held, its necessity in the Philippine library, its benefits and disadvantages, its core competencies and the supplementary skills that go along with it, possible measures of productivity; and lastly its future, and the possibilities and potential that it has.</subfield>
  </datafield>
  <datafield tag="650" ind1="1" ind2="7">
   <subfield code="a">Systems librarians.</subfield>
  </datafield>
  <datafield tag="650" ind1="1" ind2="7">
   <subfield code="a">Librarians</subfield>
   <subfield code="x">Information technology</subfield>
   <subfield code="z">Philippines.</subfield>
  </datafield>
  <datafield tag="700" ind1="1" ind2=" ">
   <subfield code="a">Dorado, Dan Anthony D.</subfield>
   <subfield code="e">adviser.</subfield>
  </datafield>
  <datafield tag="842" ind1=" " ind2=" ">
   <subfield code="a">Thesis</subfield>
  </datafield>
  <datafield tag="905" ind1=" " ind2=" ">
   <subfield code="a">FI</subfield>
  </datafield>
  <datafield tag="905" ind1=" " ind2=" ">
   <subfield code="a">UP</subfield>
  </datafield>
  <datafield tag="852" ind1="0" ind2=" ">
   <subfield code="a">UPD</subfield>
   <subfield code="b">DLS</subfield>
   <subfield code="h">LG 993.5 2014 L4 C47</subfield>
  </datafield>
  <datafield tag="942" ind1=" " ind2=" ">
   <subfield code="a">Thesis</subfield>
  </datafield>
 </record>
</collection>
